|
|
|
|
| LEADER |
01842nam a2200493 4500 |
| 001 |
ocn878116923 |
| 003 |
OCoLC |
| 005 |
20170124071639.3 |
| 006 |
m o d |
| 007 |
cr cnu---unuuu |
| 008 |
140425s2014 nju o 000 0 eng d |
| 040 |
|
|
|a N$T
|b eng
|e rda
|e pn
|c N$T
|d OCLCO
|d OCLCF
|d DG1
|d DEBBG
|d GrThAP
|
| 020 |
|
|
|a 9781118847183
|q electronic bk.
|
| 020 |
|
|
|a 1118847180
|q electronic bk.
|
| 020 |
|
|
|a 9781119204343
|q electronic bk.
|
| 020 |
|
|
|a 1119204348
|q electronic bk.
|
| 020 |
|
|
|z 9781118847268
|
| 020 |
|
|
|z 1118847261
|
| 029 |
1 |
|
|a AU@
|b 000052922954
|
| 029 |
1 |
|
|a DEBBG
|b BV042742043
|
| 029 |
1 |
|
|a DEBBG
|b BV043396705
|
| 035 |
|
|
|a (OCoLC)878116923
|
| 050 |
|
4 |
|a HG3368.A6
|
| 072 |
|
7 |
|a BUS
|x 027000
|2 bisacsh
|
| 082 |
0 |
4 |
|a 332.1091767
|2 23
|
| 049 |
|
|
|a MAIN
|
| 100 |
1 |
|
|a El Tiby, Amr Mohamed,
|d 1956-
|e author.
|
| 245 |
1 |
0 |
|a Islamic finance and economic development :
|b risk, regulation, and corporate governance /
|c by Amr Mohamed El Tiby Ahmed, Wafik Grais.
|
| 264 |
|
1 |
|a Hoboken :
|b John Wiley & Sons,
|c 2014.
|
| 300 |
|
|
|a 1 online resource.
|
| 336 |
|
|
|a text
|b txt
|2 rdacontent
|
| 337 |
|
|
|a computer
|b c
|2 rdamedia
|
| 338 |
|
|
|a online resource
|b cr
|2 rdacarrier
|
| 490 |
1 |
|
|a Wiley finance
|
| 588 |
|
|
|a Description based on print version record.
|
| 650 |
|
0 |
|a Banks and banking
|x Religious aspects
|x Islam.
|
| 650 |
|
7 |
|a BUSINESS & ECONOMICS / Finance
|2 bisacsh
|
| 650 |
|
7 |
|a Banks and banking
|x Religious aspects
|x Islam.
|2 fast
|0 (OCoLC)fst00826975
|
| 655 |
|
4 |
|a Electronic books.
|
| 700 |
1 |
|
|a Grais, Wafik,
|d 1949-
|e author.
|
| 776 |
0 |
8 |
|i Print version:
|a El Tiby, Amr Mohamed, 1956- author.
|t Islamic finance and economic development
|z 9781118847268
|w (OCoLC)876288035
|
| 830 |
|
0 |
|a Wiley finance series.
|
| 856 |
4 |
0 |
|u https://doi.org/10.1002/9781119204343
|z Full Text via HEAL-Link
|
| 994 |
|
|
|a 92
|b DG1
|